Előadások a politikai akadémián

Elmentve itt :
Bibliográfiai részletek
Dokumentumtípus: Cikk
Megjelent: 1978-02-12
Sorozat:Délmagyarország 68 No. 37
Online Access:http://dmarchiv.bibl.u-szeged.hu/89616
LEADER 00374nab a2200133 i 4500
001 delm89616
005 20190520122419.0
008 190520s1978 hu o 0|| hun d
040 |a SZTE Délmagyarország Archívum  |b hun 
041 |a hun 
245 0 0 |a Előadások a politikai akadémián  |h [elektronikus dokumentum] 
260 |c 1978-02-12 
300 |a 12 
490 0 |a Délmagyarország  |v 68 No. 37